书目信息 |
| 题名: |
人类争取自由解放的斗争
|
|
| 作者: | 吴敬华 | |
| 分册: | ||
| 出版信息: | 天津社科出版社 |
|
| 页数: | 314 | |
| 开本: | 20cm | |
| 丛书名: | ||
| 单 册: | ||
| 中图分类: | D062 | |
| 科图分类: | ||
| 主题词: | 民族殖民地问题--理论 | |
| 电子资源: | ||
| ISBN: | 7-80563-0336-7 | |
| 000 | 00530nam0 2200181 450 | |
| 001 | 0760515518 | |
| 005 | 20070817164835.51 | |
| 010 | @a7-80563-0336-7@d¥6.60 | |
| 100 | @a20070817d km y0chiy0120 ea | |
| 101 | 0 | @achi |
| 200 | 1 | @a人类争取自由解放的斗争@Aren lei zheng qu zi you jie fang de dou zheng@f吴敬华等@Fwu jing hua deng |
| 210 | @c天津社科出版社 | |
| 215 | @a314@d20cm | |
| 606 | 0 | @a民族殖民地问题@x理论 |
| 690 | @aD062@v3 | |
| 701 | 0 | @a吴敬华@Awu jing hua |
| 801 | 0 | @aCN@bPFT@c20070817 |
| 905 | @a213230@dD062@eg20@f1 | |
| 人类争取自由解放的斗争/吴敬华等.-天津社科出版社 |
| 314;20cm |
| ISBN 7-80563-0336-7:¥6.60 |
| ● |
| 相关链接 |
|
|
|
|
正题名:人类争取自由解放的斗争
索取号:D062/g20
 
预约/预借
| 序号 | 登录号 | 条形码 | 馆藏地/架位号 | 状态 | 备注 |
| 1 | 6500379 | 265003792 | 密集书库-海洋学院/ [索取号:D062/g20] | 在馆 | |
| 2 | 6500380 | 265003809 | 密集书库-海洋学院/ [索取号:D062/g20] | 在馆 |